LIBRARY ONLINE CATALOGUE

Straight talk about college costs and prices (Record no. 20276)

MARC details
000 -LEADER
fixed length control field 00539nam a22001577a 4500
008 - FIXED-LENGTH DATA ELEMENTS--GENERAL INFORMATION
fixed length control field 230912b |||||||| |||| 00| 0 eng d
020 ## - INTERNATIONAL STANDARD BOOK NUMBER
International Standard Book Number 1573562254
050 ## - LIBRARY OF CONGRESS CALL NUMBER
Classification number LB2342.8
Item number .S77 1984
100 ## - MAIN ENTRY--PERSONAL NAME
Personal name Harvey, James
245 ## - TITLE STATEMENT
Title Straight talk about college costs and prices
Remainder of title Report of The National commission on the cost of higher education
Statement of responsibility, etc. James Harvey , Rita Kirshstein and Jane Wellman
260 ## - PUBLICATION, DISTRIBUTION, ETC. (IMPRINT)
Place of publication, distribution, etc. India
Name of publisher, distributor, etc. The Oryx Press
Date of publication, distribution, etc. 1984
300 ## - PHYSICAL DESCRIPTION
Extent xiv, 322p.
700 ## - ADDED ENTRY--PERSONAL NAME
Personal name Kirshstein, Rita
700 ## - ADDED ENTRY--PERSONAL NAME
Personal name Wellman, Jane V.
942 ## - ADDED ENTRY ELEMENTS (KOHA)
Source of classification or shelving scheme Library of Congress Classification
Koha item type General Collection
Holdings
Withdrawn status Lost status Source of classification or shelving scheme Not for loan Home library Current library Date acquired Cost, normal purchase price Inventory number Total Checkouts Full call number Barcode Date last seen Copy number Price effective from Koha item type
    Library of Congress Classification   Kabarak, Main Campus Kabarak, Main Campus 12/09/2023 8796.00 2148/2022   LB2342.8 .S77 1984 C.1 33094 12/09/2023 C.1 12/09/2023 General Collection